[Event "Calgary int."]
[Site "Calgary CAN"]
[Date "2023.12.28"]
[Round "5"]
[White "Srinivasan, Hermant"]
[Black "Malek, Omid"]
[Result "1-0"]
[WhiteElo "2014"]
[BlackElo "2032"]
[PlyCount "79"]
[EventDate "2023.12.26"]
[EventType "swiss"]
[EventRounds "9"]
[EventCountry "CAN"]

1. d4 Nf6 2. c4 e6 3. Nc3 Bb4 4. e3 O-O 5. Bd3 d5 6. cxd5 exd5 7. a3 Bd6 8. Qc2
c6 9. Nge2 h6 10. f3 c5 11. dxc5 Bxc5 12. b4 Bd6 13. O-O Nc6 14. e4 dxe4 15.
Nxe4 Nxe4 16. Bxe4 Qb6+ 17. Kh1 Be5 18. Bb2 Bxb2 19. Qxb2 Be6 20. Nf4 Rfe8 21.
Nh5 f6 22. Rad1 Ne5 23. Bb1 Rac8 24. Ba2 Kh8 25. Nf4 Bf5 26. Rfe1 Rc2 27. Qb3
Rec8 28. Bb1 R2c3 29. Nd5 Rxb3 30. Nxb6 axb6 31. Bxf5 Rb8 32. f4 Nc6 33. Rd7
Rxa3 34. b5 Na5 35. Rde7 g5 36. Rh7+ Kg8 37. h4 Nc4 38. Ree7 Nd6 39. Be6+ Kf8
40. Reg7 1-0

[Event "Calgary int."]
[Site "Calgary CAN"]
[Date "2023.12.28"]
[Round "5"]
[White "Vasic, Maxim"]
[Black "Wu, Jonathan"]
[Result "0-1"]
[WhiteElo "2007"]
[BlackElo "2009"]
[PlyCount "88"]
[EventDate "2023.12.26"]
[EventType "swiss"]
[EventRounds "9"]
[EventCountry "CAN"]

1. Nf3 Nf6 2. c4 g6 3. Nc3 Bg7 4. g3 O-O 5. Bg2 d6 6. O-O c5 7. d4 Nc6 8. d5
Na5 9. Nd2 a6 10. Rb1 Rb8 11. a3 b5 12. cxb5 axb5 13. b4 Nd7 14. Nde4 cxb4 15.
axb4 Nc4 16. e3 f5 17. Ng5 Bxc3 18. Ne6 Qb6 19. Nxf8 Nxf8 20. Qe2 e6 21. dxe6
Bxe6 22. e4 fxe4 23. Bxe4 d5 24. Bg2 Bg7 25. Bg5 Bf7 26. Rfe1 Ne6 27. Bh4 Nd4
28. Qd1 Qc7 29. g4 Rc8 30. h3 Qd6 31. Be7 Qd7 32. Bc5 Nc6 33. Qd3 N6e5 34. Qg3
g5 35. Rbd1 Ng6 36. Be4 Nf4 37. Bf5 Ne6 38. h4 Qc6 39. hxg5 Nxc5 40. bxc5 Re8
41. Rxe8+ Qxe8 42. Qd3 Nb2 43. Bxh7+ Kh8 44. Qh3 Nxd1 0-1

[Event "Calgary int."]
[Site "Calgary CAN"]
[Date "2023.12.28"]
[Round "5"]
[White "Yam, Alex"]
[Black "Tolentino, Patrick Angelo"]
[Result "0-1"]
[WhiteElo "2211"]
[BlackElo "2102"]
[PlyCount "148"]
[EventDate "2023.12.26"]
[EventType "swiss"]
[EventRounds "9"]
[EventCountry "CAN"]

1. d4 Nf6 2. Bf4 g6 3. e3 Bg7 4. Nd2 d6 5. c3 c5 6. dxc5 dxc5 7. Bxb8 Rxb8 8.
Qa4+ Bd7 9. Qxa7 Qc7 10. Nc4 Nd5 11. O-O-O Be6 12. e4 Nf6 13. f3 Nd7 14. Kb1
O-O 15. Qa5 b6 16. Qb5 Rfc8 17. g3 Nf8 18. Ne2 Bd7 19. Qb3 b5 20. Ne3 e6 21.
Bg2 Qa7 22. Nc2 Ra8 23. a3 b4 24. Rxd7 Nxd7 25. cxb4 cxb4 26. Nxb4 Qf2 27. Nf4
Nc5 28. Qc2 Qxc2+ 29. Nxc2 Na4 30. b4 Nc3+ 31. Kc1 Nb5 32. Kd2 Nxa3 33. Nxa3
Rxa3 34. Rb1 Ra2+ 35. Kd1 Rd8+ 36. Ke1 g5 37. Ne2 Rdd2 38. Bf1 Rdb2 39. Rd1
Rxb4 40. Rd8+ Bf8 41. Kf2 Rbb2 42. Rc8 Kg7 43. h3 Bd6 44. Rc3 Bb4 45. Rc4 Ba5
46. f4 h6 47. fxg5 hxg5 48. Kf3 Ra3+ 49. Kg2 Ra1 50. Rc5 Bd8 51. Rc3 Bb6 52. g4
Bd4 53. Rd3 Be5 54. Kf2 Raa2 55. Kf3 Rd2 56. Rb3 Bd6 57. Rb5 Kg6 58. Ke3 Bf4+
59. Kf2 Ra3 60. Rb4 Kf6 61. Bg2 Bd6 62. Rb5 Raa2 63. Bf3 Rdb2 64. Rxb2 Rxb2 65.
Kg2 Ke5 66. Kf2 Bc5+ 67. Kg3 Be3 68. Kg2 Bf4 69. Kf2 Kd6 70. h4 gxh4 71. Kg2
Be5 72. Kf2 h3 73. Bh1 h2 74. Bf3 Rb1 0-1

[Event "Calgary int."]
[Site "Calgary CAN"]
[Date "2023.12.28"]
[Round "6"]
[White "Doknjas, Neil"]
[Black "Findlay, Ian"]
[Result "1-0"]
[WhiteElo "2255"]
[BlackElo "2126"]
[PlyCount "51"]
[EventDate "2023.12.26"]
[EventType "swiss"]
[EventRounds "9"]
[EventCountry "CAN"]

1. e4 c5 2. Nf3 d6 3. d4 cxd4 4. Nxd4 Nf6 5. Nc3 g6 6. Be3 Bg7 7. f3 Nc6 8. Qd2
O-O 9. Bc4 Bd7 10. O-O-O Rc8 11. Nxc6 Bxc6 12. Bb3 b5 13. Bxa7 Qa5 14. Bd4 b4
15. Nd5 Nxd5 16. Bxg7 Kxg7 17. exd5 Ba4 18. c4 Rc7 19. Bxa4 Qxa4 20. b3 Qa6 21.
Kb1 Ra8 22. Rhe1 Kg8 23. Re2 Qb6 24. h4 Rca7 25. Qf4 Ra3 26. Rxe7 1-0

[Event "Calgary int."]
[Site "Calgary CAN"]
[Date "2023.12.29"]
[Round "6"]
[White "Gomez Garrido, Camillo Ernesto"]
[Black "Haessel, Dale"]
[Result "1-0"]
[WhiteElo "2481"]
[BlackElo "2001"]
[PlyCount "39"]
[EventDate "2023.12.26"]
[EventType "swiss"]
[EventRounds "9"]
[EventCountry "CAN"]

1. e4 e5 2. Nf3 Nc6 3. Bb5 a6 4. Ba4 Nge7 5. Nc3 Ng6 6. d4 exd4 7. Nxd4 Nxd4 8.
Qxd4 b5 9. Bb3 Bb7 10. Qd3 Bc5 11. a4 b4 12. Nd5 O-O 13. O-O c6 14. Nf4 Nxf4
15. Bxf4 Qf6 16. Qg3 Bd4 17. Rad1 c5 18. c3 bxc3 19. bxc3 Bxc3 20. Rd6 1-0

[Event "Calgary int."]
[Site "Calgary CAN"]
[Date "2023.12.29"]
[Round "6"]
[White "Komarov, Dimitri"]
[Black "Soberov, Emil"]
[Result "1/2-1/2"]
[WhiteElo "2455"]
[BlackElo "2150"]
[PlyCount "142"]
[EventDate "2023.12.26"]
[EventType "swiss"]
[EventRounds "9"]
[EventCountry "CAN"]

1. d4 Nf6 2. c4 e6 3. Nf3 Bb4+ 4. Bd2 Be7 5. Nc3 d5 6. Qc2 O-O 7. Rd1 b6 8.
cxd5 exd5 9. Bf4 c6 10. e3 Bg4 11. Be2 Bxf3 12. Bxf3 Bd6 13. Ne2 Bxf4 14. Nxf4
Qd6 15. Rc1 Rc8 16. O-O Nbd7 17. Rfd1 Nf8 18. Rd3 Rc7 19. Rc3 Rac8 20. Qf5 Ng6
21. Nh5 Ne7 22. Nxf6+ Qxf6 23. Qxf6 gxf6 24. b4 b5 25. Rc5 Rd7 26. Bg4 f5 27.
Bd1 Kg7 28. g3 Kf6 29. Kf1 Rb7 30. Bb3 Rd7 31. Ke2 Rd6 32. Kd2 Ke6 33. a4 a6
34. Ra1 Kd7 35. Bc2 Rc7 36. Bd3 Rf6 37. Be2 Nc8 38. axb5 axb5 39. Ra6 Nd6 40.
Ke1 Re6 41. Rc1 f4 42. gxf4 f5 43. h4 Rg6 44. Kf1 Rg8 45. Rca1 Rcc8 46. Ra7+
Rc7 47. Bd3 Rf8 48. Ke2 h6 49. Ra8 Rxa8 50. Rxa8 Rc8 51. Ra7+ Rc7 52. Ra1 Ke6
53. Ra8 Rf7 54. Rh8 Rf6 55. h5 Ke7 56. Ra8 Ne8 57. Ra7+ Kf8 58. Kf1 Ng7 59. Be2
Re6 60. Ra6 Kf7 61. Bf3 Kf8 62. Kg2 Kf7 63. Kh3 Kf8 64. Kh4 Kf7 65. Be2 Kf8 66.
Bd3 Kf7 67. Rb6 Kf8 68. Rb8+ Re8 69. Rxe8+ Kxe8 70. f3 Ke7 71. e4 Ne6 1/2-1/2

[Event "Calgary int."]
[Site "Calgary CAN"]
[Date "2023.12.29"]
[Round "6"]
[White "Malek, Omid"]
[Black "Chandra, Anand Rishi"]
[Result "1-0"]
[WhiteElo "2032"]
[BlackElo "2157"]
[PlyCount "71"]
[EventDate "2023.12.26"]
[EventType "swiss"]
[EventRounds "9"]
[EventCountry "CAN"]

1. e4 e5 2. Nf3 Nc6 3. Bb5 a6 4. Ba4 Nf6 5. O-O Be7 6. Re1 b5 7. Bb3 d6 8. d3
O-O 9. a4 Bb7 10. c3 Nb8 11. Nbd2 Nbd7 12. Bc2 Re8 13. Nf1 Bf8 14. Ng3 g6 15.
d4 Bg7 16. h3 c6 17. Bg5 Qc7 18. axb5 axb5 19. Rxa8 Bxa8 20. Qc1 Nf8 21. Bb3
Ne6 22. Bxe6 Rxe6 23. h4 Ng4 24. h5 h6 25. Bd2 g5 26. Nf5 Nf6 27. Bxg5 Nxh5 28.
Bxh6 Bxh6 29. Nxh6+ Kf8 30. Qg5 Ng7 31. Nf5 Rg6 32. Qh4 Ne6 33. dxe5 dxe5 34.
Rd1 Rg8 35. Nxe5 Qxe5 36. Qe7# 1-0

[Event "Calgary int."]
[Site "Calgary CAN"]
[Date "2023.12.29"]
[Round "6"]
[White "Nunez Asencio, Jorge"]
[Black "Khodjimatov, Sherzod"]
[Result "1-0"]
[WhiteElo "2266"]
[BlackElo "2131"]
[PlyCount "89"]
[EventDate "2023.12.26"]
[EventType "swiss"]
[EventRounds "9"]
[EventCountry "CAN"]

1. d4 Nf6 2. c4 e6 3. Nc3 d5 4. cxd5 exd5 5. Bg5 Nbd7 6. e3 c6 7. Bd3 Be7 8.
Nf3 Ne4 9. Bf4 Bb4 10. Qc2 Qe7 11. Bxe4 dxe4 12. Nd2 f5 13. O-O Nb6 14. a3 Bd6
15. Bxd6 Qxd6 16. Nb3 O-O 17. Nc5 Kh8 18. b4 Rf6 19. f3 exf3 20. Rxf3 Rf7 21.
Raf1 h6 22. N3e4 Qe7 23. Ng3 f4 24. Qb3 Bg4 25. Rxf4 Rxf4 26. Rxf4 Qg5 27. Nge4
Qh5 28. Ng3 Qg5 29. Nce4 Qg6 30. Qf7 Qxf7 31. Rxf7 a5 32. h3 Be6 33. Rxb7 Nc4
34. Nc5 axb4 35. axb4 Bg8 36. e4 Bh7 37. Re7 Ra1+ 38. Kh2 Ne3 39. Re8+ Bg8 40.
Nf5 Nxf5 41. exf5 Kh7 42. Nd7 Bf7 43. Nf8+ Kg8 44. Rd8 g5 45. fxg6 1-0

[Event "Calgary int."]
[Site "Calgary CAN"]
[Date "2023.12.29"]
[Round "6"]
[White "Srinivasan, Hermant"]
[Black "Vasic, Maxim"]
[Result "1/2-1/2"]
[WhiteElo "2014"]
[BlackElo "2007"]
[PlyCount "70"]
[EventDate "2023.12.26"]
[EventType "swiss"]
[EventRounds "9"]
[EventCountry "CAN"]

1. d4 Nf6 2. c4 e6 3. Nc3 Bb4 4. e3 O-O 5. Bd3 c5 6. Nge2 b6 7. d5 b5 8. O-O
bxc4 9. Bxc4 Bb7 10. e4 exd5 11. exd5 d6 12. Bf4 Nbd7 13. a3 Bxc3 14. Nxc3 Re8
15. a4 Nb6 16. Bb5 Nbxd5 17. Nxd5 Nxd5 18. Bxe8 Nxf4 19. Qg4 Qf6 20. Bb5 h5 21.
Qg3 a6 22. Bc4 d5 23. Qf3 Bc6 24. Bd3 Rb8 25. b3 c4 26. bxc4 dxc4 27. Be4 Rb3
28. Rab1 Bxa4 29. Bc2 Bc6 30. Rxb3 cxb3 31. Qxb3 g6 32. f3 Bb5 33. Re1 Ne2+ 34.
Kh1 Qh4 35. Rd1 Ng3+ 1/2-1/2

[Event "Calgary int."]
[Site "Calgary CAN"]
[Date "2023.12.28"]
[Round "6"]
[White "Yam, Alex"]
[Black "Wu, Jonathan"]
[Result "1-0"]
[WhiteElo "2211"]
[BlackElo "2009"]
[PlyCount "75"]
[EventDate "2023.12.26"]
[EventType "swiss"]
[EventRounds "9"]
[EventCountry "CAN"]

1. d4 Nf6 2. Bf4 g6 3. e3 Bg7 4. Nd2 O-O 5. h4 d6 6. h5 Nxh5 7. Rxh5 gxh5 8.
Qxh5 f5 9. Ngf3 Qe8 10. Qh2 Nd7 11. O-O-O Nf6 12. Bc4+ e6 13. Rh1 b5 14. Bd3
Qg6 15. Nh4 Qh5 16. f3 Bd7 17. Qg1 Qf7 18. g4 fxg4 19. fxg4 e5 20. g5 exf4 21.
gxf6 Qxf6 22. Ne4 Qe7 23. Ng5 Rf6 24. Bxh7+ Kf8 25. e4 Ke8 26. Ng6 Rxg6 27.
Bxg6+ Kd8 28. Rh7 Qf6 29. Nf7+ Kc8 30. e5 Qe6 31. Qh1 c6 32. Rxg7 Qxa2 33.
Nxd6+ Kc7 34. Rxd7+ Kxd7 35. Qh7+ Kd8 36. Bf5 Qa1+ 37. Kd2 Qa5+ 38. c3 1-0

[Event "Calgary int."]
[Site "Calgary CAN"]
[Date "2023.12.29"]
[Round "7"]
[White "Chandra, Anand Rishi"]
[Black "Vasic, Maxim"]
[Result "1-0"]
[WhiteElo "2157"]
[BlackElo "2007"]
[PlyCount "73"]
[EventDate "2023.12.26"]
[EventType "swiss"]
[EventRounds "9"]
[EventCountry "CAN"]

1. e4 e5 2. Nf3 Nc6 3. Bc4 Bc5 4. c3 Nf6 5. d3 d6 6. O-O h6 7. Nbd2 O-O 8. h3
a5 9. Bb3 Ba7 10. Re1 Ne7 11. Nf1 Ng6 12. Ng3 c6 13. d4 Be6 14. Bc2 Nh7 15. Be3
Ng5 16. Nf5 Bb6 17. Kh2 Bc7 18. g3 f6 19. h4 Nxf3+ 20. Qxf3 Qe8 21. Qg4 Qf7 22.
h5 Ne7 23. Bxh6 Kh7 24. Qxg7+ Qxg7 25. Bxg7 Rf7 26. h6 Bxf5 27. exf5 Ng8 28.
Re4 Nxh6 29. Bxh6 Kxh6 30. Rg4 Kh7 31. dxe5 dxe5 32. Kg2 Kh8 33. Rg6 Raf8 34.
g4 Bd8 35. Rd1 Bc7 36. Rh6+ Kg7 37. Rdh1 1-0

[Event "Calgary int."]
[Site "Calgary CAN"]
[Date "2023.12.29"]
[Round "7"]
[White "Gomez Garrido, Camillo Ernesto"]
[Black "Doknjas, Neil"]
[Result "1-0"]
[WhiteElo "2481"]
[BlackElo "2255"]
[PlyCount "127"]
[EventDate "2023.12.26"]
[EventType "swiss"]
[EventRounds "9"]
[EventCountry "CAN"]

1. e4 c6 2. d4 d5 3. e5 Bf5 4. Nd2 e6 5. Nb3 Nd7 6. Nf3 Ne7 7. Be2 h6 8. O-O g5
9. Ne1 Qc7 10. Bd2 c5 11. c3 Nc6 12. Bg4 Ne7 13. Rc1 c4 14. Na1 O-O-O 15. Nac2
f6 16. exf6 Nxf6 17. Be2 Ng6 18. Ne3 Bd6 19. g3 Bh3 20. N1g2 Nf4 21. b3 Ne4 22.
Bf3 Nxd2 23. Qxd2 Bxg2 24. Bxg2 Nxg2 25. Kxg2 h5 26. bxc4 dxc4 27. Qe2 b5 28.
a4 h4 29. Qg4 Kb8 30. Rb1 b4 31. Qxe6 Qb7+ 32. Qd5 Qxd5+ 33. Nxd5 b3 34. Rfe1
hxg3 35. hxg3 Bxg3 36. Ne3 Bc7 37. Rh1 Rxh1 38. Kxh1 Rh8+ 39. Kg2 Rh2+ 40. Kf3
Kc8 41. Ke2 Ba5 42. Nxc4 Bxc3 43. Nd6+ Kd7 44. Nb5 Ba5 45. Rxb3 Bb6 46. Nxa7
Bxd4 47. Rd3 Rxf2+ 48. Ke1 Kc7 49. Rxd4 Rb2 50. Nb5+ Kb6 51. Nc3 Rg2 52. Rd5
Ka6 53. Rb5 Rg4 54. Re5 Rg2 55. Nd5 Rg4 56. Nc3 Rg2 57. Kd1 g4 58. Rg5 Kb6 59.
Nd5+ Ka6 60. Nb4+ Ka7 61. a5 Rg1+ 62. Kd2 Ra1 63. Rb5 Ka8 64. Nc6 1-0

[Event "Calgary int."]
[Site "Calgary CAN"]
[Date "2023.12.29"]
[Round "7"]
[White "Haessel, Dale"]
[Black "Komarov, Dimitri"]
[Result "1/2-1/2"]
[WhiteElo "2001"]
[BlackElo "2455"]
[PlyCount "38"]
[EventDate "2023.12.26"]
[EventType "swiss"]
[EventRounds "9"]
[EventCountry "CAN"]

1. d4 Nf6 2. c4 e6 3. Nc3 Bb4 4. f3 O-O 5. a3 Bxc3+ 6. bxc3 c5 7. e4 Ne8 8. Be3
b6 9. dxc5 Nc6 10. cxb6 axb6 11. Nh3 Qe7 12. a4 f5 13. Bd3 Nf6 14. Nf2 Ba6 15.
O-O fxe4 16. Nxe4 Nxe4 17. fxe4 Ne5 18. Bxb6 Bxc4 19. Rxf8+ Rxf8 1/2-1/2

[Event "Calgary int."]
[Site "Calgary CAN"]
[Date "2023.12.29"]
[Round "7"]
[White "Khodjimatov, Sherzod"]
[Black "Soberov, Emil"]
[Result "0-1"]
[WhiteElo "2131"]
[BlackElo "2150"]
[PlyCount "92"]
[EventDate "2023.12.26"]
[EventType "swiss"]
[EventRounds "9"]
[EventCountry "CAN"]

1. e4 c6 2. Nc3 d5 3. Nf3 Bg4 4. h3 Bxf3 5. gxf3 g6 6. d4 Bg7 7. Be3 e6 8. Qd3
Qa5 9. O-O-O Nd7 10. Kb1 O-O-O 11. Bf4 Nb6 12. exd5 Nxd5 13. Nxd5 Rxd5 14. Qe3
Ne7 15. Bc4 Nf5 16. Qe2 Rd7 17. c3 Rhd8 18. Rhg1 Nxd4 19. cxd4 Qf5+ 20. Qe4
Rxd4 21. Qxf5 exf5 22. Rxd4 Rxd4 23. Bxf7 Rxf4 24. Rd1 Bd4 25. Bg8 h6 26. Bf7
g5 27. Rd2 Kc7 28. Bh5 Rh4 29. Bg6 Rf4 30. Bh5 c5 31. Re2 Rh4 32. Bg6 Rxh3 33.
Bxf5 Rxf3 34. Bg4 Rxf2 35. Re7+ Kc6 36. b3 Rb2+ 37. Kc1 Rxa2 38. Bf3+ Kd6 39.
Rh7 b5 40. Rxh6+ Ke5 41. Bc6 c4 42. bxc4 bxc4 43. Bd7 c3 44. Rc6 Rb2 45. Rc8
Be3+ 46. Kd1 Rd2+ 0-1

[Event "Calgary int."]
[Site "Calgary CAN"]
[Date "2023.12.29"]
[Round "7"]
[White "Malek, Omid"]
[Black "Yam, Alex"]
[Result "0-1"]
[WhiteElo "2032"]
[BlackElo "2211"]
[PlyCount "107"]
[EventDate "2023.12.26"]
[EventType "swiss"]
[EventRounds "9"]
[EventCountry "CAN"]

1. d4 d5 2. Nf3 e6 3. Bf4 Bd6 4. Bg3 b6 5. e3 Nf6 6. Ne5 O-O 7. Nd2 c5 8. c3
Qc7 9. Bd3 a5 10. f4 Ba6 11. Bxa6 Rxa6 12. O-O b5 13. Qf3 Nbd7 14. Bh4 Qb7 15.
Nxd7 Nxd7 16. f5 e5 17. f6 g6 18. Bg5 Re8 19. h4 e4 20. Qh3 Re6 21. h5 Bf8 22.
hxg6 hxg6 23. Qh4 Qc6 24. dxc5 a4 25. b4 Nxf6 26. Rf2 Nh7 27. Bh6 g5 28. Bxg5
Rg6 29. Be7 Bg7 30. Raf1 Ra7 31. Bd6 Bxc3 32. a3 Ng5 33. g4 Qc8 34. Rh2 f5 35.
Qh5 Qe8 36. Rxf5 Rh7 37. Rf8+ Qxf8 38. Qxg6+ Rg7 39. Qxg5 Rxg5 40. Bxf8 Rxg4+
41. Kf1 Kxf8 42. Ke2 Ke7 43. Nf1 Bb2 44. Kd2 Rg1 45. Rf2 Bxa3 46. Kc3 Ke6 47.
c6 Kd6 48. c7 Kxc7 49. Kd4 Kd6 50. Rf6+ Ke7 51. Rb6 Rxf1 52. Kxd5 Rf5+ 53. Kxe4
Rh5 54. Kd4 0-1

[Event "Calgary int."]
[Site "Calgary CAN"]
[Date "2023.12.29"]
[Round "7"]
[White "Tolentino, Patrick Angelo"]
[Black "Srinivasan, Hermant"]
[Result "0-1"]
[WhiteElo "2102"]
[BlackElo "2014"]
[PlyCount "64"]
[EventDate "2023.12.26"]
[EventType "swiss"]
[EventRounds "9"]
[EventCountry "CAN"]

1. d4 d5 2. c4 e6 3. Nf3 Nf6 4. Nc3 Be7 5. Bf4 O-O 6. e3 b6 7. Bd3 Bb7 8. cxd5
exd5 9. O-O c5 10. Ne5 Nbd7 11. Qf3 Rc8 12. Qh3 g6 13. Rad1 a6 14. Bh6 Re8 15.
Bf5 Nxe5 16. dxe5 gxf5 17. Qxf5 Kh8 18. exf6 Bxf6 19. Nxd5 Bxd5 20. Rxd5 Qe7
21. b3 b5 22. Rc1 c4 23. bxc4 bxc4 24. Rd7 Qe6 25. Qxe6 Rxe6 26. Bf4 c3 27. Rc2
Rb6 28. Rd1 Rb2 29. Rxb2 cxb2 30. e4 Rc4 31. f3 Ra4 32. e5 Rxa2 0-1

[Event "Calgary int."]
[Site "Calgary CAN"]
[Date "2023.12.29"]
[Round "7"]
[White "Wu, Jonathan"]
[Black "Findlay, Ian"]
[Result "1/2-1/2"]
[WhiteElo "2009"]
[BlackElo "2126"]
[PlyCount "52"]
[EventDate "2023.12.26"]
[EventType "swiss"]
[EventRounds "9"]
[EventCountry "CAN"]

1. e4 c5 2. Nf3 d6 3. d4 cxd4 4. Nxd4 Nf6 5. Nc3 g6 6. Be3 Bg7 7. f3 Nc6 8. Qd2
O-O 9. Bc4 Bd7 10. O-O-O Rc8 11. Nxc6 Bxc6 12. Bb3 b5 13. Bxa7 b4 14. Nd5 Nxd5
15. exd5 Qa5 16. Qe3 Ba4 17. Bd4 Bxd4 18. Rxd4 Rc5 19. Rhd1 Ra8 20. Kb1 Rac8
21. R1d2 Bxb3 22. Qxb3 Qb5 23. Qd3 Qb6 24. Qb3 Qb5 25. Qd3 Qa5 26. Qb3 Qb5
1/2-1/2

[Event "Calgary int."]
[Site "Calgary CAN"]
[Date "2023.12.30"]
[Round "8"]
[White "Findlay, Ian"]
[Black "Yam, Alex"]
[Result "0-1"]
[WhiteElo "2126"]
[BlackElo "2211"]
[PlyCount "92"]
[EventDate "2023.12.26"]
[EventType "swiss"]
[EventRounds "9"]
[EventCountry "CAN"]

1. e4 c5 2. Nf3 Nc6 3. d4 cxd4 4. Nxd4 e5 5. Nb5 d6 6. c4 Be6 7. N1c3 a6 8. Na3
g6 9. Be2 Bg7 10. O-O Nd4 11. Be3 Rc8 12. Nd5 Bxd5 13. cxd5 Nxe2+ 14. Qxe2 Nf6
15. f3 O-O 16. Rfc1 Qe7 17. Rc2 Nh5 18. Rac1 Nf4 19. Qd2 Rxc2 20. Qxc2 f5 21.
Kh1 fxe4 22. fxe4 b5 23. Nb1 Qd7 24. Nd2 Ne2 25. Rf1 Rc8 26. Qd3 Nf4 27. Bxf4
exf4 28. Rxf4 Bxb2 29. Rf1 Bg7 30. Nf3 Rc3 31. Qd2 Qc8 32. e5 Rc2 33. Qd1 Rxa2
34. exd6 Qg4 35. g3 Qh3 36. Rg1 Qd7 37. Qc1 Qxd6 38. Qc8+ Bf8 39. Rd1 Qf6 40.
Qe6+ Qxe6 41. dxe6 Re2 42. Nd4 Re4 43. Kg2 Bg7 44. Nf3 Rxe6 45. Rd8+ Bf8 46.
Ng5 Rb6 0-1

[Event "Calgary int."]
[Site "Calgary CAN"]
[Date "2023.12.30"]
[Round "8"]
[White "Haessel, Dale"]
[Black "Malek, Omid"]
[Result "0-1"]
[WhiteElo "2001"]
[BlackElo "2032"]
[PlyCount "144"]
[EventDate "2023.12.26"]
[EventType "swiss"]
[EventRounds "9"]
[EventCountry "CAN"]

1. d4 Nf6 2. c4 e6 3. Nf3 d5 4. Nc3 c6 5. e3 Nbd7 6. Qc2 Be7 7. Bd3 O-O 8. O-O
b6 9. e4 dxc4 10. Bxc4 Bb7 11. e5 Nd5 12. Nxd5 exd5 13. Bd3 h6 14. Bf4 c5 15.
Qd2 g5 16. Bg3 f5 17. exf6 Bxf6 18. Rfe1 cxd4 19. Bc2 Nc5 20. Nxd4 Ne4 21. Qd3
Qd7 22. Rad1 Rac8 23. Re2 Kh8 24. f3 Nc5 25. Qg6 Qg7 26. Qxg7+ Bxg7 27. Nf5
Rce8 28. Rde1 Rxe2 29. Rxe2 Bf6 30. Nxh6 Ba6 31. Rd2 d4 32. b4 d3 33. bxc5 dxc2
34. Rxc2 bxc5 35. Ng4 Bg7 36. Be5 Rc8 37. Kf2 Bd3 38. Rc3 Bb1 39. a3 c4 40. Ke3
Ba2 41. Ke4 Bb1+ 42. Kd5 Bd3 43. Bxg7+ Kxg7 44. Ne5 Bf1 45. g3 Rd8+ 46. Ke4 Kf6
47. Nxc4 Rc8 48. Kd5 Be2 49. f4 g4 50. Nd6 Bf3+ 51. Kd4 Rd8 52. Kc5 Rh8 53. Rc2
Rh5+ 54. Kc4 a6 55. Rd2 Ke6 56. Kc3 Rc5+ 57. Kb4 Rh5 58. Nc4 Kf5 59. a4 Ke4 60.
Kc3 Rc5 61. Rd4+ Kf5 62. Kb4 Rc7 63. Ne3+ Ke6 64. Rd2 Rc1 65. Nc4 Kf5 66. Nd6+
Ke6 67. a5 Bd5 68. Ne8 Rc4+ 69. Ka3 Rc1 70. Ng7+ Kd6 71. Nf5+ Kc5 72. Ne3 Rc3+
0-1

[Event "Calgary int."]
[Site "Calgary CAN"]
[Date "2023.12.30"]
[Round "8"]
[White "Khodjimatov, Sherzod"]
[Black "Wu, Jonathan"]
[Result "1-0"]
[WhiteElo "2131"]
[BlackElo "2009"]
[PlyCount "65"]
[EventDate "2023.12.26"]
[EventType "swiss"]
[EventRounds "9"]
[EventCountry "CAN"]

1. e4 c5 2. Nc3 d6 3. g3 g6 4. Bg2 Bg7 5. d3 Nc6 6. Nge2 e6 7. O-O Nge7 8. Be3
Rb8 9. Qd2 h5 10. d4 cxd4 11. Nxd4 a6 12. Nxc6 bxc6 13. Bd4 O-O 14. Bxg7 Kxg7
15. Rfd1 d5 16. Na4 Qd6 17. a3 Rd8 18. b4 a5 19. bxa5 Ba6 20. Rdb1 Rb5 21. Bf1
Rxb1 22. Rxb1 Bxf1 23. Kxf1 Qe5 24. Nc5 d4 25. Qb4 h4 26. f4 Qh5 27. Nxe6+ fxe6
28. Qxe7+ Kh6 29. Qxd8 Qf3+ 30. Kg1 Qe3+ 31. Kg2 Qxe4+ 32. Kh3 Qf5+ 33. g4 1-0

[Event "Calgary int."]
[Site "Calgary CAN"]
[Date "2023.12.30"]
[Round "8"]
[White "Nunez Asencio, Jorge"]
[Black "Doknjas, Neil"]
[Result "0-1"]
[WhiteElo "2266"]
[BlackElo "2255"]
[PlyCount "114"]
[EventDate "2023.12.26"]
[EventType "swiss"]
[EventRounds "9"]
[EventCountry "CAN"]

1. d4 Nf6 2. c4 e6 3. Nf3 d5 4. Nc3 Be7 5. Bf4 O-O 6. e3 b6 7. cxd5 Nxd5 8.
Nxd5 Qxd5 9. Bd3 Qa5+ 10. Ke2 Ba6 11. a3 c5 12. b4 Bxd3+ 13. Qxd3 Qa4 14. Rhc1
Nd7 15. Bg5 Bxg5 16. Nxg5 g6 17. Qc2 Qb5+ 18. Qc4 Qxc4+ 19. Rxc4 b5 20. Rc2
cxd4 21. exd4 Nb6 22. Rc5 Nd5 23. Rac1 Rfb8 24. g3 a5 25. bxa5 Kg7 26. Kf1 Rxa5
27. Rb1 h6 28. Ne4 Rxa3 29. Rcxb5 Rxb5 30. Rxb5 Ra4 31. Rb7 Rxd4 32. Nd6 Ne3+
33. Ke2 Rxd6 34. Kxe3 g5 35. Rb4 h5 36. h4 g4 37. Rb5 Kg6 38. Rg5+ Kh6 39. Ra5
Rb6 40. Rc5 f6 41. Ra5 Kg6 42. Ra3 e5 43. Rc3 Ra6 44. Rb3 Kf5 45. Rc3 Ke6 46.
Rb3 f5 47. Rb8 Ra3+ 48. Ke2 Kd5 49. Rb5+ Kd4 50. Rb4+ Kc5 51. Rb8 f4 52. gxf4
exf4 53. Rh8 Kd4 54. Rxh5 f3+ 55. Kd2 Ra2+ 56. Ke1 Ra1+ 57. Kd2 g3 0-1

[Event "Calgary int."]
[Site "Calgary CAN"]
[Date "2023.12.30"]
[Round "8"]
[White "Srinivasan, Hermant"]
[Black "Chandra, Anand Rishi"]
[Result "0-1"]
[WhiteElo "2014"]
[BlackElo "2157"]
[PlyCount "82"]
[EventDate "2023.12.26"]
[EventType "swiss"]
[EventRounds "9"]
[EventCountry "CAN"]

1. d4 d5 2. c4 e6 3. Nc3 Nf6 4. cxd5 exd5 5. Bg5 Be7 6. e3 c6 7. Bd3 O-O 8.
Nge2 Nbd7 9. f3 Re8 10. O-O Nf8 11. Qc2 Be6 12. Rae1 Ng6 13. h3 b5 14. f4 Bd7
15. f5 Nf8 16. g4 Qb6 17. Nf4 h6 18. Bh4 N8h7 19. Qg2 b4 20. Na4 Qa5 21. b3 c5
22. Nxc5 Bxc5 23. dxc5 Qxc5 24. Bf2 Ne4 25. Bxe4 dxe4 26. Rc1 Qa5 27. Rfd1 Rad8
28. Rd5 Qxa2 29. Bh4 Qxb3 30. Rcd1 Ng5 31. Bxg5 hxg5 32. Nh5 Qxe3+ 33. Kh2 Qb3
34. Rxd7 Rxd7 35. Rxd7 e3 36. Qe2 Qc3 37. f6 b3 38. fxg7 Qc2 39. Ng3 Rc8 40. h4
gxh4 41. Kh3 hxg3 0-1

[Event "Calgary int."]
[Site "Calgary CAN"]
[Date "2023.12.30"]
[Round "8"]
[White "Vasic, Maxim"]
[Black "Tolentino, Patrick Angelo"]
[Result "1/2-1/2"]
[WhiteElo "2007"]
[BlackElo "2102"]
[PlyCount "31"]
[EventDate "2023.12.26"]
[EventType "swiss"]
[EventRounds "9"]
[EventCountry "CAN"]

1. d4 Nf6 2. c4 e6 3. Nf3 d5 4. g3 dxc4 5. Bg2 c5 6. O-O Nc6 7. Qa4 Bd7 8. Qxc4
b5 9. Qd3 c4 10. Qd1 Rc8 11. a3 Be7 12. Nc3 a6 13. e4 O-O 14. d5 exd5 15. exd5
Na5 16. d6 1/2-1/2

[Event "Calgary int."]
[Site "Calgary CAN"]
[Date "2023.12.30"]
[Round "9"]
[White "Chandra, Anand Rishi"]
[Black "Nunez Asencio, Jorge"]
[Result "0-1"]
[WhiteElo "2157"]
[BlackElo "2266"]
[PlyCount "100"]
[EventDate "2023.12.26"]
[EventType "swiss"]
[EventRounds "9"]
[EventCountry "CAN"]

1. e4 c5 2. Nf3 Nc6 3. Bb5 g6 4. O-O Bg7 5. Bxc6 dxc6 6. d3 Nh6 7. Nc3 f6 8.
Be3 b6 9. h3 e5 10. Nd2 Nf7 11. f4 exf4 12. Bxf4 O-O 13. Nf3 f5 14. exf5 Bxf5
15. Qd2 h6 16. Rae1 g5 17. Bh2 Qd7 18. Ne4 Rae8 19. Qc1 c4 20. Ng3 Rxe1 21.
Nxe1 Bg6 22. dxc4 Qd4+ 23. Kh1 Qxb2 24. Qxb2 Bxb2 25. Nf5 Re8 26. Nd3 Bc3 27.
g4 c5 28. Kg2 Kh7 29. Rf3 Bxf5 30. gxf5 Bd4 31. Kf1 Kg7 32. Ne1 Nd8 33. c3 Bf6
34. Nc2 Nc6 35. Ne3 Na5 36. Nd5 Nxc4 37. Nc7 Re3 38. Rxe3 Nxe3+ 39. Ke2 Nxf5
40. Ne8+ Kf7 41. Nxf6 Kxf6 42. Bb8 c4 43. Bxa7 b5 44. Kf3 Ke5 45. a3 h5 46. Bf2
Nd6 47. Bg3+ Kd5 48. h4 g4+ 49. Kf4 Ne4 50. Be1 g3 0-1